Normal view MARC view
  • Mehreen Shakoor

Entry Personal Name

Number of records used in: 2

001 - CONTROL NUMBER

  • control field: 98545

003 - CONTROL NUMBER IDENTIFIER

  • control field: NUST

005 - DATE AND TIME OF LATEST TRANSACTION

  • control field: 20220826161426.0

008 - FIXED-LENGTH DATA ELEMENTS

  • fixed length control field: 220826|| aca||aabn | a|a d

040 ## - CATALOGING SOURCE

  • Original cataloging agency: NUST
  • Transcribing agency: NUST

100 ## - HEADING--PERSONAL NAME

  • Personal name: Mehreen Shakoor

670 ## - SOURCE DATA FOUND

  • Source citation: Work cat.: (NUST)13145: Mehreen Shakoor, Simulation of blood glucose level using fuzzy controller, 2014
© 2023 Central Library, National University of Sciences and Technology. All Rights Reserved.